00437nam a2200121Ia 4500008004100000100002000041245008000061245006500141260000900206300003200215440004500247650002300292171207s9999 xx 000 0 und d aTausan, Nebojsa aChoreography in the embedded systems domain: A systematic literature review cNebojša Taušan, Jouni Markkula, Pasi Kuvaja, Markku Oivo c2017 apages 82-101, February 2017 aInformation and Software Technologyv91: aSOFTWARE TECHNLOGY